{"text_format":"3","workbook":"xlsx","n_sheets":1,"sheets":["限价"],"not_rendered":{"defined_names":2,"comments":1},"read":"whole","date_system":"1900"}

{"sheet":"限价","index":0,"n_rows":251,"n_cols":13,"rows_kept":251,"merged":[[0,0,0,10],[105,0,105,4],[106,0,106,6]]}
["南昌东管理中心东乡养护所2022年度交通设施维修工程\n劳务工程量固化清单"]
["子目号","子目名称","单位","计量规则","工程内容","数量","限制单价\n（元）","限制合价\n（元）","响应单价（元）","响应合价（元）","备注"]
[100,"总则",{"$nulls":5},{"$f":"SUM(H5:H9)","v":91743},null,{"$f":"SUM(J5:J9)","v":91743}]
[101,"工程保险费"]
["101-1","第三者责任险","总额","1.承包人按照合同条款约定的保险费率及保费计算方法办理第三者责任险，根据保险公司的保单金额以总额为单位计量；\n2.保险期为合同约定的施工期及缺陷责任期","根据合同条款办理第三者责任险",1,{"v":3000,"d":"3000.00"},3000,{"v":3000,"d":"3000.00"},3000]
[102,"工程管理"]
["102-3","安全生产费","总额","以总额为单位计量","按有关规定及合同约定落实安全生产",1,{"$f":"ROUND(H107*1.5%,0)","v":{"v":16604,"d":"16604.00"}},{"$f":"G7*F7","v":16604},{"v":16604,"d":"16604.00"},16604,"限价的1.5%"]
["104-1","承包人驻地建设","总额","按规定以总额计量","1.承包人办公室、住房及生活区建设；2.车间与工作场地、仓库修建；3.工地实验室建设；4.医疗卫生与消防设施安装；5.维护与拆除。",1,{"v":50000,"d":"50000.00"},50000,{"v":50000,"d":"50000.00"},50000]
["105-1","通行费","总额","以总额为单位计量","养护作业车辆从养护驻地到养护现场往返经过收费公路所产生的通行费用",1,{"$f":"ROUND(H107*2%,0)","v":{"v":22139,"d":"22139.00"}},{"$f":"G9*F9","v":22139},{"v":22139,"d":"22139.00"},22139,"限价的2%"]
[609,"护栏工程",{"$nulls":5},{"$f":"SUM(H12:H105)","v":1015185},null,{"$f":"SUM(J12:J105)","v":1015185}]
["609-1","护栏拆除"]
["-a","二波型钢护栏板(4m间距)","m","以拆除波型钢护栏板长度为依据计算数量，按合同单价计算合价后计量","1.拆除波型钢护栏板、立柱及全部组件；2.装卸车及运输拆除物至指定储存点。",{"v":300,"d":"300.00"},{"v":12,"d":"12.00"},{"$f":"F12*G12","v":3600},{"$f":"J12/F12","v":{"v":12,"d":"12.00"}},{"$f":"J108*M12/M108","v":3600},"单独拆除不再恢复",null,{"$f":"F12*G12","v":{"v":3600,"d":"3600.00"}}]
["-b","二波型钢护栏板(2m间距)","m","以拆除波型钢护栏板长度为依据计算数量，按合同单价计算合价后计量","1.拆除波型钢护栏板、立柱及全部组件；2.装卸车及运输拆除物至指定储存点。",{"v":200,"d":"200.00"},{"v":15,"d":"15.00"},3000,{"$f":"J13/F13","v":{"v":15,"d":"15.00"}},{"$f":"J109*M13/M109","v":3000},"单独拆除不再恢复",null,{"$f":"F13*G13","v":{"v":3000,"d":"3000.00"}}]
["-c ","三波型钢护栏板(2m间距)","m","以拆除波型钢护栏板长度为依据计算数量，按合同单价计算合价后计量","1.拆除波型钢护栏板、立柱及全部组件；3.装卸车及运输拆除物至指定储存点。",{"v":100,"d":"100.00"},{"v":18,"d":"18.00"},1800,{"v":18,"d":"18.00"},1800,"单独拆除不再恢复",null,{"v":1800,"d":"1800.00"}]
["609-2","护栏及配件安装",{"$nulls":10},{"v":0,"d":"0.00"}]
["609-2-1","护栏安装",{"$nulls":10},{"v":0,"d":"0.00"}]
["-a","维修更换二波型钢护栏板(4m间距)","m","以设计的安装波型钢护栏板长度为依据计算数量，按合同单价计算合价后计量","1.拆除旧波型钢护栏板、立柱及全部组件；2.装车及运输拆除物；3.立柱、波型钢护栏板及全部组件的现场转运、移动、安装就位、调整及加固。",{"v":15000,"d":"15000.00"},{"v":30,"d":"30.00"},{"$f":"F17*G17","v":450000},{"v":30,"d":"30.00"},450000,"拆除及安装",null,{"v":450000,"d":"450000.00"}]
["-b","单独安装二波型钢护栏板（4m间距）","m","以实际的安装波型钢护栏板长度为依据计算数量，按合同单价计算合价后计量","立柱、波型钢护栏板及全部组件的现场转运、移动、安装就位、调整及加固、清扫现场。",{"v":500,"d":"500.00"},{"v":18,"d":"18.00"},9000,{"v":18,"d":"18.00"},9000,null,null,{"v":9000,"d":"9000.00"}]
["-c ","维修更换二波型钢护栏板(2m间距)","m","以设计的安装波型钢护栏板长度为依据计算数量，按合同单价计算合价后计量","1.拆除旧波型钢护栏板、立柱及全部组件；2.装车及运输拆除物；3.立柱、波型钢护栏板及全部组件的现场转运、移动、安装就位、调整及加固。",{"v":5000,"d":"5000.00"},{"v":35,"d":"35.00"},175000,{"v":35,"d":"35.00"},175000,"拆除及安装",null,{"v":175000,"d":"175000.00"}]
["-d","单独安装二波型钢护栏板(2m间距)","m","以实际的安装波型钢护栏板长度为依据计算数量，按合同单价计算合价后计量","立柱、波型钢护栏板及全部组件的现场转运、移动、安装就位、调整及加固、清扫现场。",{"v":200,"d":"200.00"},{"v":20,"d":"20.00"},4000,{"v":20,"d":"20.00"},4000,null,null,{"v":4000,"d":"4000.00"}]
["-e ","维修更换三波型钢护栏板(2m间距)","m","以设计的安装波型钢护栏板长度为依据计算数量，按合同单价计算合价后计量","1.拆除旧波型钢护栏板、立柱及全部组件；2.装车及运输拆除物；3.立柱、波型钢护栏板及全部组件的现场转运、移动、安装就位、调整及加固。",{"v":200,"d":"200.00"},{"v":42,"d":"42.00"},8400,{"v":42,"d":"42.00"},8400,"拆除及安装",null,{"v":8400,"d":"8400.00"}]
["-f","单独安装三波型钢护栏板(2m间距)","m","以实际的安装波型钢护栏板长度为依据计算数量，按合同单价计算合价后计量","立柱、波型钢护栏板及全部组件的现场转运、移动、安装就位、调整及加固、清扫现场。",{"v":100,"d":"100.00"},{"v":28,"d":"28.00"},2800,{"v":28,"d":"28.00"},2800,null,null,{"v":2800,"d":"2800.00"}]
["609-2-2","配件安装",{"$nulls":10},{"v":0,"d":"0.00"}]
["-a","安装护栏立柱柱帽","个","以设计的安装柱帽个数为依据计算数量，按合同单价计算合价后计量","1.现场转运、移动、安装就位；2.调整及加固。",{"v":500,"d":"500.00"},{"v":5,"d":"5.00"},{"$f":"F24*G24","v":2500},{"v":5,"d":"5.00"},2500,null,null,{"v":2500,"d":"2500.00"}]
["-b","安装护栏防阻块","个","以设计的安装防阻块个数为依据计算数量，按合同单价计算合价后计量","1.现场转运、移动、安装就位；2.调整及加固。",{"v":500,"d":"500.00"},{"v":8,"d":"8.00"},{"$f":"F25*G25","v":4000},{"v":8,"d":"8.00"},4000,null,null,{"v":4000,"d":"4000.00"}]
["-c","安装护栏托架","套","以设计的安装托架套数为依据计算数量，按合同单价计算合价后计量","1.现场转运、移动、安装就位；2.调整及加固。",{"v":500,"d":"500.00"},{"v":8,"d":"8.00"},{"$f":"F26*G26","v":4000},{"v":8,"d":"8.00"},4000,null,null,{"v":4000,"d":"4000.00"}]
["-d","安装护栏螺栓","个","以设计的安装螺栓个数为依据计算数量，按合同单价计算合价后计量","1.现场转运、移动、安装就位；2.调整及加固。",{"v":500,"d":"500.00"},{"v":1.5,"d":"1.50"},{"$f":"F27*G27","v":750},{"v":1.5,"d":"1.50"},750,null,null,{"v":750,"d":"750.00"}]
["-e","单独安装护栏立柱","根","以设计的安装立柱根数为依据计算数量，按合同单价计算合价后计量","1.现场转运、移动、安装就位；2.调整及加固。",{"v":100,"d":"100.00"},{"v":10,"d":"10.00"},{"$f":"F28*G28","v":1000},{"v":10,"d":"10.00"},1000,null,null,{"v":1000,"d":"1000.00"}]
["609-3","护栏矫正、喷漆（涂）",{"$nulls":10},{"v":0,"d":"0.00"}]
["-a","二波型钢护栏板（4m间距）矫正、喷漆(涂)","m","以实际完成校正、喷漆（涂）的波型钢护栏板长度为依据计算数量，按合同单价计算合价后计量","1、波型钢护栏板机器矫正；\n2、完成波型钢护栏板喷漆（涂）；                          3、喷涂后的护栏晾晒和收整；",{"v":1000,"d":"1000.00"},{"v":20,"d":"20.00"},{"$f":"F30*G30","v":20000},{"v":20,"d":"20.00"},20000,"不含喷涂材料",null,{"v":20000,"d":"20000.00"}]
["-b","二波型钢护栏板(2m间距)矫正、喷漆(涂)","m","以实际完成校正、喷漆（涂）的波型钢护栏板长度为依据计算数量，按合同单价计算合价后计量","1、波型钢护栏板机器矫正；\n2、完成波型钢护栏板喷漆（涂）；                          3、喷涂后的护栏晾晒和收整；",{"v":800,"d":"800.00"},{"v":20,"d":"20.00"},16000,{"v":20,"d":"20.00"},16000,"不含喷涂材料",null,{"v":16000,"d":"16000.00"}]
["-c ","三波型钢护栏板(2m间距)矫正、喷漆(涂)","m","以实际完成校正、喷漆（涂）的波型钢护栏板长度为依据计算数量，按合同单价计算合价后计量","1、波型钢护栏板机器矫正；\n2、完成波型钢护栏板喷漆（涂）；                          3、喷涂后的护栏晾晒和收整；",{"$f":"F14*0.75","v":{"v":75,"d":"75.00"}},{"v":20,"d":"20.00"},1500,{"v":20,"d":"20.00"},1500,"不含喷涂材料",null,{"v":1500,"d":"1500.00"}]
["-d","防阻块矫正、喷漆(涂)","个","以实际完成校正、喷漆（涂）的防阻块个数为依据计算数量，按合同单价计算合价后计量","1、防阻块矫正；\n2、完成防阻块喷漆（涂）；                            3、喷涂后的防阻块晾晒和收整；",{"v":3000,"d":"3000.00"},{"v":10,"d":"10.00"},30000,{"v":10,"d":"10.00"},30000,null,null,{"v":30000,"d":"30000.00"}]
["609-4","三横梁维修、更换",{"$nulls":10},{"v":0,"d":"0.00"}]
["-a","拆除三横梁型钢护栏板","m","以实际的拆除三横梁型钢护栏板长度为依据计算数量，按合同单价计算合价后计量","1.拆除三横梁型钢护栏板、立柱及全部组件；2.装卸车及运输拆除物至指定储存点",{"v":10,"d":"10.00"},{"v":30,"d":"30.00"},{"$f":"F35*G35","v":300},{"v":30,"d":"30.00"},300,"单独拆除不含安装",null,{"v":300,"d":"300.00"}]
["-b","安装三横梁型钢护栏板","m","以实际的拆除三横梁型钢护栏板长度为依据计算数量，按合同单价计算合价后计量","立柱、三横梁型钢护栏板及全部组件的现场转运、移动、安装就位、调整及加固。",{"v":10,"d":"10.00"},{"v":100,"d":"100.00"},1000,{"v":100,"d":"100.00"},1000,"单独安装不含拆除",null,{"v":1000,"d":"1000.00"}]
["-c ","三横梁型钢护栏板除锈刷漆","m","以设计的调整栏杆长度为依据计算数量，按合同单价计算合价后计量","1.面板、立柱及全部组件的除锈、除尘；2.喷涂防锈漆。",{"v":10,"d":"10.00"},{"v":12,"d":"12.00"},120,{"v":12,"d":"12.00"},120,"不含喷涂材料",null,{"v":120,"d":"120.00"}]
["609-5","活动护栏更换与维修",{"$nulls":10},{"v":0,"d":"0.00"}]
["-a","拆除中分带活动护栏","m","以设计拆除活动护栏长度为依据计算数量，按合同单价计算合价后计量","1.拆除旧护栏及全部组件；\n2.装车及运输拆除物；",{"v":100,"d":"100.00"},{"v":20,"d":"20.00"},{"$f":"F39*G39","v":2000},{"v":20,"d":"20.00"},2000,"单独拆除不含安装",null,{"v":2000,"d":"2000.00"}]
["-b","安装中分带活动护栏","m","以设计安装长度为依据计算数量，按合同单价计算合价后计量","1.新护栏立柱设置；2.新护栏及全部组件安装就位；3.调试；4.清理现场。",{"v":100,"d":"100.00"},{"v":40,"d":"40.00"},4000,{"v":40,"d":"40.00"},4000,"单独安装不含拆除",null,{"v":4000,"d":"4000.00"}]
["-c ","中分带活动护栏加固、线型调整及喷漆劳务","m","以设计的调整活动护栏长度为依据计算数量，按合同单价计算合价后计量","1、加固、调整线形及现场清理、补充遗失螺栓。 2、完成活动护栏喷漆（涂）。",{"v":100,"d":"100.00"},{"v":20,"d":"20.00"},2000,{"v":20,"d":"20.00"},2000,"不含喷涂材料",null,{"v":2000,"d":"2000.00"}]
["609-6","其他",{"$nulls":10},{"v":0,"d":"0.00"}]
["-a","护栏线形调整","m","以设计的调整栏杆长度为依据计算数量，按合同单价计算合价后计量","调整线形及现场清理、补充遗失螺栓。",{"v":500,"d":"500.00"},{"v":2.5,"d":"2.50"},{"$f":"F43*G43","v":1250},{"v":2.5,"d":"2.50"},1250,null,null,{"v":1250,"d":"1250.00"}]
["-b","波形护栏就地除锈刷漆","m","以设计的刷漆栏杆长度为依据计算数量，按合同单价计算合价后计量","1.面板、立柱及全部组件的除尘；\n2.喷涂防锈漆。 ",{"v":200,"d":"200.00"},{"v":10,"d":"10.00"},2000,{"v":10,"d":"10.00"},2000,"不含喷涂材料",null,{"v":2000,"d":"2000.00"}]
["-c ","更换护栏板端头","套","以设计的安装护栏端头套数为依据计算数量，按合同单价计算合价后计量","1.拆除旧C型、U型端头；\n2.现场转运、移动、安装就位新C型、U型端头；\n3.调整及加固。",{"v":100,"d":"100.00"},{"v":30,"d":"30.00"},3000,{"$f":"J45/F45","v":{"v":30,"d":"30.00"}},{"$f":"J141*M45/M141","v":3000},null,null,{"$f":"F45*G45","v":{"v":3000,"d":"3000.00"}}]
[610,"交通标志及标牌维修与更换",{"$nulls":10},{"v":0,"d":"0.00"}]
["610-1","百米牌、公里桩更换",{"$nulls":10},{"v":0,"d":"0.00"}]
["-a","更换百米牌","块","以实际更换安装的百米牌块数为依据计算实际数量，按合同单价计算合价后计量","1、拆除旧百米牌；2、装（卸）车及运输拆除物；3、新百米牌安装就位；4、施工垃圾清运。",{"v":100,"d":"100.00"},{"v":5,"d":"5.00"},{"$f":"F48*G48","v":500},{"v":5,"d":"5.00"},500,null,null,{"v":500,"d":"500.00"}]
["-b","更换公里桩","块","以实际更换安装的百米牌块数为依据计算实际数量，按合同单价计算合价后计量","1、拆除旧公里桩；2、装（卸）车及运输拆除物；3、公里桩牌板面制作及贴膜；4、安装新公里桩；5、施工垃圾清运。",{"v":50,"d":"50.00"},{"v":80,"d":"80.00"},{"$f":"F49*G49","v":4000},{"v":80,"d":"80.00"},4000,null,null,{"v":4000,"d":"4000.00"}]
["-a","更换立柱","根","以实际更换安装的公里桩立柱根数为依据计算实际数量，按合同单价计算合价后计量","1、拆除旧公里桩立柱；2、装（卸）车及运输拆除物；3、公里桩立柱基础开挖、浇筑；4、安装新公里桩立柱；5、施工垃圾清运。",{"v":50,"d":"50.00"},{"v":200,"d":"200.00"},{"$f":"F50*G50","v":10000},{"v":200,"d":"200.00"},10000,"含C20混凝土基础（尺寸：50cm*50cm*50cm）",null,{"v":10000,"d":"10000.00"}]
["610-2","轮廓标、立面标记及凸起路标等安装与更换",{"$nulls":10},{"v":0,"d":"0.00"}]
["-a","安装附着式轮廓标及立面标记","块","以安装块数为依据计算实际数量，按合同单价计算合价后计量","拆除旧标志、钻孔、螺栓固定或粘贴。",{"v":100,"d":"100.00"},{"v":6,"d":"6.00"},{"$f":"F52*G52","v":600},{"v":6,"d":"6.00"},600,null,null,{"v":600,"d":"600.00"}]
["-b","安装柱式轮廓标","根","以安装根数为依据计算实际数量，按合同单价计算合价后计量","1.拆除旧标志；2.挖洞、柱脚混凝土浇筑；3.成品件安装；4.回填夯实。",{"v":100,"d":"100.00"},{"v":40,"d":"40.00"},{"$f":"F53*G53","v":4000},{"v":40,"d":"40.00"},4000,"含混凝土材料",null,{"v":4000,"d":"4000.00"}]
["-c ","安装反光突起路标","个","以更换路标个数为依据计算实际数量，按合同单价计算合价后计量","1.拆除旧路标；2.路面清洗；3.安装新路标。",{"v":100,"d":"100.00"},{"v":6,"d":"6.00"},{"$f":"F54*G54","v":600},{"v":6,"d":"6.00"},600,"含环氧树脂材料",null,{"v":600,"d":"600.00"}]
["610-3","（小型）标志牌制作与安装",{"$nulls":10},{"v":0,"d":"0.00"}]
["-a","施工标志牌骨架制作   （尺寸：%%%m*%%%m）","块","以设计制作钢结构成品骨架块数为依据计算数量，按合同单价计算合价后计量","1、钢构件切割、拼装、焊接；2、钢构件除锈、喷（涂）漆；3、成品件场内转运仓储。",{"v":20,"d":"20.00"},{"v":150,"d":"150.00"},{"$f":"F56*G56","v":3000},{"v":150,"d":"150.00"},3000,null,null,{"v":3000,"d":"3000.00"}]
["-b","施工标志牌版面制作与安装（尺寸：%%%m*%%%m）","块","以设计的制作、安装的标志牌面板块数为依据计算数量，按合同单价计算合价后计量","1、标志牌版面剪裁制作、反光膜刻字制作；2、标志牌版面贴反光膜；3、版面与钢构件骨架拼装加固；4、成品件场内转运仓储。",{"v":20,"d":"20.00"},{"v":50,"d":"50.00"},1000,{"v":50,"d":"50.00"},1000,null,null,{"v":1000,"d":"1000.00"}]
["-c ","安装桥梁公示牌","套","以设计安装标志牌面板套数为依据计算实际数量，按合同单价计算合价后计量","1、角钢、滑动槽钢、抱箍+抱箍底衬、滑动螺栓+螺母+垫圈等安装；2、拆除旧标志牌版面及组件，装车运输拆除物；3、新面板运输、现场安装、调整加固。",{"v":220,"d":"220.00"},{"v":80,"d":"80.00"},17600,{"v":80,"d":"80.00"},17600,null,null,{"v":17600,"d":"17600.00"}]
["-d","桥梁公示牌版面更换","块","以更换桥梁公示牌版面数量为计量依据。","1、拆除旧标志牌版面及组件，装车运输拆除物；2、新面板运输、现场安装、调整加固；",{"v":100,"d":"100.00"},{"v":20,"d":"20.00"},2000,{"v":20,"d":"20.00"},2000,null,null,{"v":2000,"d":"2000.00"}]
["610-4","（大型）标志牌制作与安装",{"$nulls":10},{"v":0,"d":"0.00"}]
["-a","制作及安装标志牌面板（悬臂式）","m2","以设计制作、安装标志牌面板面积为依据计算实际数量，按合同单价计算合价后计量","1、标志牌面板室内制作；2、角钢、滑动槽钢、抱箍+抱箍底衬、滑动螺栓+螺母+垫圈等制作安装；3、新面板运输、现场安装、调整加固。",{"v":10,"d":"10.00"},{"v":200,"d":"200.00"},{"$f":"F61*G61","v":2000},{"v":200,"d":"200.00"},2000,null,null,{"v":2000,"d":"2000.00"}]
["-b","制作及安装标志牌面板（柱式）","m2","以设计制作、安装标志牌面板面积为依据计算实际数量，按合同单价计算合价后计量","1、标志牌面板室内制作；2、角钢、滑动槽钢、抱箍+抱箍底衬、滑动螺栓+螺母+垫圈等制作安装；3、新面板运输、现场安装、调整加固。",{"v":10,"d":"10.00"},{"v":200,"d":"200.00"},2000,{"v":200,"d":"200.00"},2000,null,null,{"v":2000,"d":"2000.00"}]
["-c ","制作及安装标志牌面板（门架式）","m2","以设计制作、安装标志牌面板面积为依据计算实际数量，按合同单价计算合价后计量","1、标志牌面板室内制作；2、角钢、滑动槽钢、抱箍+抱箍底衬、滑动螺栓+螺母+垫圈等制作安装；3、新面板运输、现场安装、调整加固。",{"v":10,"d":"10.00"},{"v":200,"d":"200.00"},2000,{"v":200,"d":"200.00"},2000,null,null,{"v":2000,"d":"2000.00"}]
["-d","制作及安装标志牌面板（附着式）","m2","以设计制作、安装标志牌面板面积为依据计算实际数量，按合同单价计算合价后计量","1、标志牌面板室内制作；2、角钢、滑动槽钢、抱箍+抱箍底衬、滑动螺栓+螺母+垫圈等制作安装；3、新面板运输、现场安装、调整加固。",{"v":10,"d":"10.00"},{"v":200,"d":"200.00"},2000,{"v":200,"d":"200.00"},2000,null,null,{"v":2000,"d":"2000.00"}]
["-e ","安装标志牌立柱（含螺栓）","t","以设计安装立柱质量为依据计算实际数量，按合同单价计算合价后计量","立柱及配件的运输、吊装、矫正、固定、各种组件的安装、场地清理。",{"v":10,"d":"10.00"},{"v":800,"d":"800.00"},8000,{"v":800,"d":"800.00"},8000,"不含设备及材料",null,{"v":8000,"d":"8000.00"}]
["-f","现浇C25砼混凝土基础","m3","以设计浇筑混凝土体积为依据计算实际数量，按合同单价计算合价后计量","1.挖基、回填；2.混凝土配运料、运输、搅拌、浇筑；3.养生，清理现场。",{"v":50,"d":"50.00"},{"v":700,"d":"700.00"},35000,{"v":700,"d":"700.00"},35000,"含混凝土材料",null,{"v":35000,"d":"35000.00"}]
["-g","基础钢筋制作与安装（含焊接、安装）","Kg","以设计钢筋质量为依据计算实际数量，按合同单价计算合价后计量","钢筋制作、运输及现场安装",{"v":500,"d":"500.00"},{"v":3.5,"d":"3.50"},1750,{"v":3.5,"d":"3.50"},1750,"不含材料",null,{"v":1750,"d":"1750.00"}]
["610-5","标志牌拆除",{"$nulls":10},{"v":0,"d":"0.00"}]
["-a","拆除单柱式标志牌","套","以设计拆除标志牌数量为依据计算数量，按合同单价计算合价后计量","1.拆除立柱、面板的全部组件；\n2.拆除物的装卸、运输至指定储存点；\n3、清理现场。",{"v":10,"d":"10.00"},{"v":500,"d":"500.00"},{"$f":"F69*G69","v":5000},{"v":500,"d":"500.00"},5000,"不含吊车费用",null,{"v":5000,"d":"5000.00"}]
["-b","拆除双柱式标志牌","套","以设计拆除标志牌数量为依据计算数量，按合同单价计算合价后计量","1.拆除立柱、面板的全部组件；\n2.拆除物的装卸、运输至指定储存点；\n3、清理现场。",{"v":10,"d":"10.00"},{"v":800,"d":"800.00"},8000,{"v":800,"d":"800.00"},8000,"不含吊车费用",null,{"v":8000,"d":"8000.00"}]
["-c ","拆除悬臂式标志牌","套","以设计拆除标志牌数量为依据计算数量，按合同单价计算合价后计量","1.拆除立柱、面板的全部组件；\n2.拆除物的装卸、运输至指定储存点；\n3、清理现场。",{"v":10,"d":"10.00"},{"v":1200,"d":"1200.00"},12000,{"v":1200,"d":"1200.00"},12000,"不含吊车费用",null,{"v":12000,"d":"12000.00"}]
["-d","拆除门架标志牌","套","以设计拆除标志牌数量为依据计算数量，按合同单价计算合价后计量","1.拆除立柱、面板的全部组件；\n2.拆除物的装卸、运输至指定储存点；\n3、清理现场。",{"v":5,"d":"5.00"},{"v":2500,"d":"2500.00"},12500,{"v":2500,"d":"2500.00"},12500,"不含吊车费用",null,{"v":12500,"d":"12500.00"}]
["-e ","拆除附着式标志牌","套","以设计拆除标志牌数量为依据计算数量，按合同单价计算合价后计量","1.拆除立柱、面板的全部组件；\n2.拆除物的装卸、运输至指定储存点；\n3、清理现场。",{"v":10,"d":"10.00"},{"v":100,"d":"100.00"},1000,{"v":100,"d":"100.00"},1000,"不含吊车费用",null,{"v":1000,"d":"1000.00"}]
["610-6","其他",{"$nulls":10},{"v":0,"d":"0.00"}]
["-a","金属构件除锈、刷漆处理","m2","以设计涂刷面积为依据计算数量，按合同单价计算合价后计量","1.金属标志牌立柱及连接件除锈；                    2.喷涂防锈漆。",{"v":100,"d":"100.00"},{"v":50,"d":"50.00"},{"$f":"F75*G75","v":5000},{"v":50,"d":"50.00"},5000,null,null,{"v":5000,"d":"5000.00"}]
["-b","更换标志牌反光膜","m2","以设计粘贴反光膜的标志板面积为依据计算实际数量，按合同单价计算合价后计量","1.清除原反光膜；                                  2.刻字膜；3反光膜剪裁、现场粘贴。",{"v":300,"d":"300.00"},{"v":130,"d":"130.00"},39000,{"v":130,"d":"130.00"},39000,null,null,{"v":39000,"d":"39000.00"}]
["-c ","更换护栏立柱反光膜","张","以设计更换粘贴反光膜张数为依据计算数量，按合同单价计算合价后计量","1.清除原反光膜；\n2、反光膜剪裁、粘贴。",{"v":50,"d":"50.00"},{"v":5,"d":"5.00"},250,{"$f":"J77/F77","v":{"v":5,"d":"5.00"}},{"$f":"J173*M77/M173","v":250},null,null,{"$f":"F77*G77","v":{"v":250,"d":"250.00"}}]
["-d","更换（或粘贴）防眩板反光膜","张","以设计更换粘贴反光膜张数为依据计算数量，按合同单价计算合价后计量","1.清除原反光膜；\n2.反光膜剪裁、粘贴。",{"v":5000,"d":"5000.00"},{"v":3.8,"d":"3.80"},19000,{"v":3.8,"d":"3.80"},19000,null,null,{"v":19000,"d":"19000.00"}]
["-e","更换或粘贴桥梁墩柱及梁端反光膜","m2","以设计粘贴反光膜的标志板面积为依据计算实际数量，按合同单价计算合价后计量","1.清除原反光膜；\n2.反光膜剪裁、粘贴。",{"v":100,"d":"100.00"},{"v":20,"d":"20.00"},2000,{"v":20,"d":"20.00"},2000,null,null,{"v":2000,"d":"2000.00"}]
["610-7","标线",{"$nulls":10},{"v":0,"d":"0.00"}]
["-a","路面普通热熔标线                       （含铣刨旧标线）","m2","以设计涂敷面积为依据计算实际数量，按合同单价计算合价后计量","1.旧路面清扫（或旧标线铲除）；2.放样；3.喷洒底油涂剂；4.涂敷新路面标线。",{"v":200,"d":"200.00"},{"v":30,"d":"30.00"},{"$f":"F81*G81","v":6000},{"v":30,"d":"30.00"},6000,"不含涂料+底油",null,{"v":6000,"d":"6000.00"}]
["-b","路面震荡标线","m2","以设计涂敷面积为依据计算实际数量，按合同单价计算合价后计量","1.旧路面清扫（或旧标线铲除）；2.放样；3.喷洒底油涂剂；4.涂敷新路面标线。",{"v":100,"d":"100.00"},{"v":50,"d":"50.00"},5000,{"v":50,"d":"50.00"},5000,"不含涂料+底油",null,{"v":5000,"d":"5000.00"}]
["-c ","路面标线普通铲除","m2","以设计铲除面积为依据计算实际数量，按合同单价计算合价后计量","1.旧路面标线铲除；2.现场清理、清扫。",{"v":100,"d":"100.00"},{"v":15,"d":"15.00"},1500,{"v":15,"d":"15.00"},1500,"含铲除用设备",null,{"v":1500,"d":"1500.00"}]
["-d","路面标线水铣铲除","m2","以水铣面积为依据计算，按合同单价计算合价后计量","1.旧路面标线水铣；3.现场清理、清扫。",{"v":1,"d":"1.00"},{"v":20,"d":"20.00"},20,{"v":20,"d":"20.00"},20,"含铲除用设备",null,{"v":20,"d":"20.00"}]
["610-8","防眩板、分隔栅更换与安装",{"$nulls":10},{"v":0,"d":"0.00"}]
["-a","更换安装防眩面板","块","以设计更换防眩面板数量为依据计算实际数量，按合同单价计算合价后计量","1.拆除旧防眩面板；2.装（卸）车及运输拆除物；3、安装新防眩面板。",{"v":1000,"d":"1000.00"},{"v":15,"d":"15.00"},{"$f":"F86*G86","v":15000},{"v":15,"d":"15.00"},15000,null,null,{"v":15000,"d":"15000.00"}]
["-b","更换安装防眩板支架","m","以设计更换防眩板支架长度为依据计算实际数量，按合同单价计算合价后计量","1、拆除旧支架，保留完好的防眩面板；2、装（卸）车及运输拆除物；3、支架运输、螺栓钻孔；4、支架安装，原有完好防眩面板安装；5、线型调整。",{"v":500,"d":"500.00"},{"v":30,"d":"30.00"},15000,{"v":30,"d":"30.00"},15000,null,null,{"v":15000,"d":"15000.00"}]
["-c","维修安装车道分隔栅","m","以设计安装分隔栅片长度为依据计算实际数量，按合同单价计算合价后计量","1.拆除旧分隔栅；2.拆除物运输装卸；3.安装新分隔栅和立柱、底座以及全部组件；4、线型调整就位。",{"v":100,"d":"100.00"},{"v":15,"d":"15.00"},1500,{"v":15,"d":"15.00"},1500,null,null,{"v":1500,"d":"1500.00"}]
[613,"计日工劳务",{"$nulls":10},{"v":0,"d":"0.00"}]
["613-1","普通工人","工日","以实际消耗人数和时间（8小时为1工日）为依据计算数量，按合同单价计算合价后计量。","其他养护及应急工程",{"v":10,"d":"10.00"},{"v":150,"d":"150.00"},{"$f":"F90*G90","v":1500},{"v":150,"d":"150.00"},1500,null,null,{"v":1500,"d":"1500.00"}]
["613-2","技术工人","工日","以实际消耗人数和时间（8小时为1工日）为依据计算数量，按合同单价计算合价后计量。","其他养护及应急工程",{"v":10,"d":"10.00"},{"v":200,"d":"200.00"},2000,{"v":200,"d":"200.00"},2000,null,null,{"v":2000,"d":"2000.00"}]
[614,"计日工设备",{"$nulls":10},{"v":0,"d":"0.00"}]
["614-1","3t以下车辆","台班","以实际消机械数量和时间（8小时为1台班）为依据计算数量，按合同单价计算合价后计量。","按实际工作时间计算；除非发包人的同意，计算的工作时间才能将应急保障机械设备施工现场转移时间包括在内。",1,385,{"$f":"F93*G93","v":385},{"v":385,"d":"385.00"},385,null,null,{"v":385,"d":"385.00"}]
["614-2","6t自卸汽车","台班","以实际消机械数量和时间（8小时为1台班）为依据计算数量，按合同单价计算合价后计量。","按实际工作时间计算；除非发包人的同意，计算的工作时间才能将应急保障机械设备施工现场转移时间包括在内。",1,700,700,{"v":700,"d":"700.00"},700,null,null,{"v":700,"d":"700.00"}]
["614-3","15t自卸汽车","台班","以实际消机械数量和时间（8小时为1台班）为依据计算数量，按合同单价计算合价后计量。","按实际工作时间计算；除非发包人的同意，计算的工作时间才能将应急保障机械设备施工现场转移时间包括在内。",1,1180,1180,{"v":1180,"d":"1180.00"},1180,null,null,{"v":1180,"d":"1180.00"}]
["614-4","3m³以内装载机","台班","以实际消机械数量和时间（8小时为1台班）为依据计算数量，按合同单价计算合价后计量。","按实际工作时间计算；除非发包人的同意，计算的工作时间才能将应急保障机械设备施工现场转移时间包括在内。",1,1700,1700,{"v":1700,"d":"1700.00"},1700,null,null,{"v":1700,"d":"1700.00"}]
["614-5","15kW以内柴油发电机组","台班","以实际消机械数量和时间（8小时为1台班）为依据计算数量，按合同单价计算合价后计量。","按实际工作时间计算；除非发包人的同意，计算的工作时间才能将应急保障机械设备施工现场转移时间包括在内。",1,280,280,{"v":280,"d":"280.00"},280,null,null,{"v":280,"d":"280.00"}]
["614-6","90kW以内平地机","台班","以实际消机械数量和时间（8小时为1台班）为依据计算数量，按合同单价计算合价后计量。","按实际工作时间计算；除非发包人的同意，计算的工作时间才能将应急保障机械设备施工现场转移时间包括在内。",1,1300,1300,{"v":1300,"d":"1300.00"},1300,null,null,{"v":1300,"d":"1300.00"}]
["614-7","1.6m3以内挖掘机","台班","以实际消机械数量和时间（8小时为1台班）为依据计算数量，按合同单价计算合价后计量。","按实际工作时间计算；除非发包人的同意，计算的工作时间才能将应急保障机械设备施工现场转移时间包括在内。",1,1900,1900,{"v":1900,"d":"1900.00"},1900,null,null,{"v":1900,"d":"1900.00"}]
["614-8","中巴车","台班","以实际消机械数量和时间（8小时为1台班）为依据计算数量，按合同单价计算合价后计量。","按实际工作时间计算；除非发包人的同意，计算的工作时间才能将应急保障机械设备施工现场转移时间包括在内。",1,800,800,{"v":800,"d":"800.00"},800,null,null,{"v":800,"d":"800.00"}]
["614-9","大巴车","台班","以实际消机械数量和时间（8小时为1台班）为依据计算数量，按合同单价计算合价后计量。","按实际工作时间计算；除非发包人的同意，计算的工作时间才能将应急保障机械设备施工现场转移时间包括在内。",1,1200,1200,{"v":1200,"d":"1200.00"},1200,null,null,{"v":1200,"d":"1200.00"}]
["614-10","10000L以内洒水车","台班","以实际消机械数量和时间（8小时为1台班）为依据计算数量，按合同单价计算合价后计量。","按实际工作时间计算；除非发包人的同意，计算的工作时间才能将应急保障机械设备施工现场转移时间包括在内。",1,1400,1400,{"v":1400,"d":"1400.00"},1400,null,null,{"v":1400,"d":"1400.00"}]
["614-11","最大作业高度15m以内高空作业车","台班","以实际消机械数量和时间（8小时为1台班）为依据计算数量，按合同单价计算合价后计量。","按实际工作时间计算；除非发包人的同意，计算的工作时间才能将应急保障机械设备施工现场转移时间包括在内。",1,900,900,{"v":900,"d":"900.00"},900,null,null,{"v":900,"d":"900.00"}]
["614-12","平板拖车（40t以内）","台班","以实际消机械数量和时间（8小时为1台班）为依据计算数量，按合同单价计算合价后计量。","按实际工作时间计算；除非发包人的同意，计算的工作时间才能将应急保障机械设备施工现场转移时间包括在内。",1,1700,1700,{"v":1700,"d":"1700.00"},1700,null,null,{"v":1700,"d":"1700.00"}]
["614-13","吊车","台班","以实际消机械数量和时间（8小时为1台班）为依据计算数量，按合同单价计算合价后计量。","按实际工作时间计算；除非发包人的同意，计算的工作时间才能将应急保障机械设备施工现场转移时间包括在内。",1,1400,1400,{"v":1400,"d":"1400.00"},1400,null,null,{"v":1400,"d":"1400.00"}]
["第600章小计",{"$nulls":6},1015185,null,{"$f":"(J107-91743)","v":1015185},null,null,1015185]
["合计",{"$nulls":6},1106928,null,1106928,null,null,1015185]
[{"$nulls":9},{"$f":"J106","v":1015185},null,null,1015185]
[{"$nulls":9},{"$f":"J106","v":1015185},null,null,1015185]
[{"$nulls":9},{"$f":"J106","v":1015185},null,null,1015185]
[{"$nulls":9},{"$f":"J106","v":1015185},null,null,1015185]
[{"$nulls":9},{"$f":"J110","v":1015185},null,null,1015185]
[{"$nulls":9},{"$f":"J110","v":1015185},null,null,1015185]
[{"$nulls":9},{"$f":"J110","v":1015185},null,null,1015185]
[{"$nulls":9},{"$f":"J110","v":1015185},null,null,1015185]
[{"$nulls":9},{"$f":"J114","v":1015185},null,null,1015185]
[{"$nulls":9},{"$f":"J114","v":1015185},null,null,1015185]
[{"$nulls":9},{"$f":"J114","v":1015185},null,null,1015185]
[{"$nulls":9},{"$f":"J114","v":1015185},null,null,1015185]
[{"$nulls":9},{"$f":"J118","v":1015185},null,null,1015185]
[{"$nulls":9},{"$f":"J118","v":1015185},null,null,1015185]
[{"$nulls":9},{"$f":"J118","v":1015185},null,null,1015185]
[{"$nulls":9},{"$f":"J118","v":1015185},null,null,1015185]
[{"$nulls":9},{"$f":"J122","v":1015185},null,null,1015185]
[{"$nulls":9},{"$f":"J122","v":1015185},null,null,1015185]
[{"$nulls":9},{"$f":"J122","v":1015185},null,null,1015185]
[{"$nulls":9},{"$f":"J122","v":1015185},null,null,1015185]
[{"$nulls":9},{"$f":"J126","v":1015185},null,null,1015185]
[{"$nulls":9},{"$f":"J126","v":1015185},null,null,1015185]
[{"$nulls":9},{"$f":"J126","v":1015185},null,null,1015185]
[{"$nulls":9},{"$f":"J126","v":1015185},null,null,1015185]
[{"$nulls":9},{"$f":"J130","v":1015185},null,null,1015185]
[{"$nulls":9},{"$f":"J130","v":1015185},null,null,1015185]
[{"$nulls":9},{"$f":"J130","v":1015185},null,null,1015185]
[{"$nulls":9},{"$f":"J130","v":1015185},null,null,1015185]
[{"$nulls":9},{"$f":"J134","v":1015185},null,null,1015185]
[{"$nulls":9},{"$f":"J134","v":1015185},null,null,1015185]
[{"$nulls":9},{"$f":"J134","v":1015185},null,null,1015185]
[{"$nulls":9},{"$f":"J134","v":1015185},null,null,1015185]
[{"$nulls":9},{"$f":"J138","v":1015185},null,null,1015185]
[{"$nulls":9},{"$f":"J138","v":1015185},null,null,1015185]
[{"$nulls":9},{"$f":"J138","v":1015185},null,null,1015185]
[{"$nulls":9},{"$f":"J138","v":1015185},null,null,1015185]
[{"$nulls":9},{"$f":"J142","v":1015185},null,null,1015185]
[{"$nulls":9},{"$f":"J142","v":1015185},null,null,1015185]
[{"$nulls":9},{"$f":"J142","v":1015185},null,null,1015185]
[{"$nulls":9},{"$f":"J142","v":1015185},null,null,1015185]
[{"$nulls":9},{"$f":"J146","v":1015185},null,null,1015185]
[{"$nulls":9},{"$f":"J146","v":1015185},null,null,1015185]
[{"$nulls":9},{"$f":"J146","v":1015185},null,null,1015185]
[{"$nulls":9},{"$f":"J146","v":1015185},null,null,1015185]
[{"$nulls":9},{"$f":"J150","v":1015185},null,null,1015185]
[{"$nulls":9},{"$f":"J150","v":1015185},null,null,1015185]
[{"$nulls":9},{"$f":"J150","v":1015185},null,null,1015185]
[{"$nulls":9},{"$f":"J150","v":1015185},null,null,1015185]
[{"$nulls":9},{"$f":"J154","v":1015185},null,null,1015185]
[{"$nulls":9},{"$f":"J154","v":1015185},null,null,1015185]
[{"$nulls":9},{"$f":"J154","v":1015185},null,null,1015185]
[{"$nulls":9},{"$f":"J154","v":1015185},null,null,1015185]
[{"$nulls":9},{"$f":"J158","v":1015185},null,null,1015185]
[{"$nulls":9},{"$f":"J158","v":1015185},null,null,1015185]
[{"$nulls":9},{"$f":"J158","v":1015185},null,null,1015185]
[{"$nulls":9},{"$f":"J158","v":1015185},null,null,1015185]
[{"$nulls":9},{"$f":"J162","v":1015185},null,null,1015185]
[{"$nulls":9},{"$f":"J162","v":1015185},null,null,1015185]
[{"$nulls":9},{"$f":"J162","v":1015185},null,null,1015185]
[{"$nulls":9},{"$f":"J162","v":1015185},null,null,1015185]
[{"$nulls":9},{"$f":"J166","v":1015185},null,null,1015185]
[{"$nulls":9},{"$f":"J166","v":1015185},null,null,1015185]
[{"$nulls":9},{"$f":"J166","v":1015185},null,null,1015185]
[{"$nulls":9},{"$f":"J166","v":1015185},null,null,1015185]
[{"$nulls":9},{"$f":"J170","v":1015185},null,null,1015185]
[{"$nulls":9},{"$f":"J170","v":1015185},null,null,1015185]
[{"$nulls":9},{"$f":"J170","v":1015185},null,null,1015185]
[{"$nulls":9},{"$f":"J170","v":1015185},null,null,1015185]
[{"$nulls":9},{"$f":"J174","v":1015185},null,null,1015185]
[{"$nulls":9},{"$f":"J174","v":1015185},null,null,1015185]
[{"$nulls":9},{"$f":"J174","v":1015185},null,null,1015185]
[{"$nulls":9},{"$f":"J174","v":1015185},null,null,1015185]
[{"$nulls":9},{"$f":"J178","v":1015185},null,null,1015185]
[{"$nulls":9},{"$f":"J178","v":1015185},null,null,1015185]
[{"$nulls":9},{"$f":"J178","v":1015185},null,null,1015185]
[{"$nulls":9},{"$f":"J178","v":1015185},null,null,1015185]
[{"$nulls":9},{"$f":"J182","v":1015185},null,null,1015185]
[{"$nulls":9},{"$f":"J182","v":1015185},null,null,1015185]
[{"$nulls":9},{"$f":"J182","v":1015185},null,null,1015185]
[{"$nulls":9},{"$f":"J182","v":1015185},null,null,1015185]
[{"$nulls":9},{"$f":"J186","v":1015185},null,null,1015185]
[{"$nulls":9},{"$f":"J186","v":1015185},null,null,1015185]
[{"$nulls":9},{"$f":"J186","v":1015185},null,null,1015185]
[{"$nulls":9},{"$f":"J186","v":1015185},null,null,1015185]
[{"$nulls":9},{"$f":"J190","v":1015185},null,null,1015185]
[{"$nulls":9},{"$f":"J190","v":1015185},null,null,1015185]
[{"$nulls":9},{"$f":"J190","v":1015185},null,null,1015185]
[{"$nulls":9},{"$f":"J190","v":1015185},null,null,1015185]
[{"$nulls":9},{"$f":"J194","v":1015185},null,null,1015185]
[{"$nulls":9},{"$f":"J194","v":1015185},null,null,1015185]
[{"$nulls":9},{"$f":"J194","v":1015185},null,null,1015185]
[{"$nulls":9},{"$f":"J194","v":1015185},null,null,1015185]
[{"$nulls":9},{"$f":"J198","v":1015185},null,null,1015185]
[{"$nulls":9},{"$f":"J198","v":1015185},null,null,1015185]
[{"$nulls":9},{"$f":"J198","v":1015185},null,null,1015185]
[{"$nulls":9},{"$f":"J198","v":1015185},null,null,1015185]
[{"$nulls":9},{"$f":"J202","v":1015185},null,null,1015185]
[{"$nulls":9},{"$f":"J202","v":1015185},null,null,1015185]
[{"$nulls":9},{"$f":"J202","v":1015185},null,null,1015185]
[{"$nulls":9},{"$f":"J202","v":1015185},null,null,1015185]
[{"$nulls":9},{"$f":"J206","v":1015185},null,null,1015185]
[{"$nulls":9},{"$f":"J206","v":1015185},null,null,1015185]
[{"$nulls":9},{"$f":"J206","v":1015185},null,null,1015185]
[{"$nulls":9},{"$f":"J206","v":1015185},null,null,1015185]
[{"$nulls":9},{"$f":"J210","v":1015185},null,null,1015185]
[{"$nulls":9},{"$f":"J210","v":1015185},null,null,1015185]
[{"$nulls":9},{"$f":"J210","v":1015185},null,null,1015185]
[{"$nulls":9},{"$f":"J210","v":1015185},null,null,1015185]
[{"$nulls":9},{"$f":"J214","v":1015185},null,null,1015185]
[{"$nulls":9},{"$f":"J214","v":1015185},null,null,1015185]
[{"$nulls":9},{"$f":"J214","v":1015185},null,null,1015185]
[{"$nulls":9},{"$f":"J214","v":1015185},null,null,1015185]
[{"$nulls":9},{"$f":"J218","v":1015185},null,null,1015185]
[{"$nulls":9},{"$f":"J218","v":1015185},null,null,1015185]
[{"$nulls":9},{"$f":"J218","v":1015185},null,null,1015185]
[{"$nulls":9},{"$f":"J218","v":1015185},null,null,1015185]
[{"$nulls":9},{"$f":"J222","v":1015185},null,null,1015185]
[{"$nulls":9},{"$f":"J222","v":1015185},null,null,1015185]
[{"$nulls":9},{"$f":"J222","v":1015185},null,null,1015185]
[{"$nulls":9},{"$f":"J222","v":1015185},null,null,1015185]
[{"$nulls":9},{"$f":"J226","v":1015185},null,null,1015185]
[{"$nulls":9},{"$f":"J226","v":1015185},null,null,1015185]
[{"$nulls":9},{"$f":"J226","v":1015185},null,null,1015185]
[{"$nulls":9},{"$f":"J226","v":1015185},null,null,1015185]
[{"$nulls":9},{"$f":"J230","v":1015185},null,null,1015185]
[{"$nulls":9},{"$f":"J230","v":1015185},null,null,1015185]
[{"$nulls":9},{"$f":"J230","v":1015185},null,null,1015185]
[{"$nulls":9},{"$f":"J230","v":1015185},null,null,1015185]
[{"$nulls":9},{"$f":"J234","v":1015185},null,null,1015185]
[{"$nulls":9},{"$f":"J234","v":1015185},null,null,1015185]
[{"$nulls":9},{"$f":"J234","v":1015185},null,null,1015185]
[{"$nulls":9},{"$f":"J234","v":1015185},null,null,1015185]
[{"$nulls":9},{"$f":"J238","v":1015185},null,null,1015185]
[{"$nulls":9},{"$f":"J238","v":1015185},null,null,1015185]
[{"$nulls":9},{"$f":"J238","v":1015185},null,null,1015185]
[{"$nulls":9},{"$f":"J238","v":1015185},null,null,1015185]
[{"$nulls":9},{"$f":"J242","v":1015185},null,null,1015185]
[{"$nulls":9},{"$f":"J242","v":1015185},null,null,1015185]
[{"$nulls":9},{"$f":"J242","v":1015185},null,null,1015185]
[{"$nulls":9},{"$f":"J242","v":1015185},null,null,1015185]
[{"$nulls":9},{"$f":"J246","v":1015185},null,null,1015185]
[{"$nulls":9},{"$f":"J246","v":1015185},null,null,1015185]
[{"$nulls":9},{"$f":"J246","v":1015185}]
[{"$nulls":9},{"$f":"J246","v":1015185}]